000 00720cam a2200193 i 4500
005 20251108172720.0
008 250721s2003 jo gr 000 0 ara d
082 1 4 _a153.85
_bح م ي
100 1 _aأبو حميدان، يوسف
_eمؤلف.
245 1 0 _aتعديل السلوك :
_bالنظرية والتطبيق /
_cتأليف د. يوسف عبد الوهاب أبو حميدان.
264 3 1 _aعمان :
_bدار المدى للخدمات المطبعية والنشر،
_c2003.
300 _a302 صفحة.
650 1 7 _aالسلوك.
650 1 7 _aالعلوم السلوكية.
650 1 7 _aحرية الإرادة.
650 1 7 _aالشخصية.
942 _2ddc
_cBK
999 _c86657
_d86657